000 00650nam a2200253Ia 4500
003 OSt
005 20221006153908.0
006 a|||||r|||| 00| 0
007 ta
008 221006b |||||||| |||| 00| 0 chi d
024 _a33,825
037 _cTextual
040 _aEASL
_cEASL
_bchi
041 _2chi
_achi
082 _aV41:8.F26, K7.
100 _aLi Xin Fu Au.
_9665764
245 0 _aJian Yan Yi Lai Chao Ye Za Ji
260 _aTaibei
_bWen Hai Chu Ban She China
_c1967
300 _ap.
_ccm.
490 _v V.1CCL
650 _aCCL
942 _hV41:8.F26, K7.
_cTEXL
_2CC
999 _c1101911
_d1101911